| 000 | 00424nam a2200157Ia 4500 | ||
|---|---|---|---|
| 999 |
_c7447 _d7447 |
||
| 003 | OSt | ||
| 005 | 20250401153240.0 | ||
| 008 | 201217s9999 xx 000 0 und d | ||
| 040 | _c. | ||
| 100 | _aHarvard Business Review | ||
| 245 | 0 | _aHarvard Business Review on human relations : Classic Advice on Leadership | |
| 260 |
_aNew York _bHarvard Business School Press |
||
| 300 | _a0 | ||
| 490 | _vVol. 4 | ||
| 942 |
_cBK _2ddc |
||